000
00266nam a2200109Ia 4500
008
201224s9999 xx 000 0 und d
100
_a
Lovelock, Christopher
245
0
_a
Services Marketing
260
_a
Englewood Cliffs
_b
Prentice Hall
300
_a
526
942
_c
BK
999
_c
8812
_d
8812